| 000 | 00917nam a22002297a 4500 | ||
|---|---|---|---|
| 003 | OSt | ||
| 005 | 20260123084727.0 | ||
| 008 | 230708b ||||| |||| 00| 0 eng d | ||
| 040 | _cSSBUL | ||
| 041 | _ashan | ||
| 082 | _a808.882 | ||
| 100 |
_aဢမ်းမမ်ႊမမ်ႊ (ထုင်ႉမၢဝ်း) _927610 |
||
| 245 |
_aသဵင်ဢုပ်ႇၶဝ်လႄႈမွၼ်းၵႂၢမ်း / _cဢမ်းမမ်ႊမမ်ႊ (ထုင်ႉမၢဝ်း) |
||
| 260 | _c2001 | ||
| 300 |
_a215 ၼႃႈ _c16 ၸိၼႇထီႇ |
||
| 500 | _aပပ်ႉၸဝ်ႈတႃႇၼႁင်းၶေႃတွၵ်ႉတိူဝ်ႇၸၢႆးဢွင်ႇထုၼ်းလူႇတၢၼ်းဝႆႉ | ||
| 500 | _aS-SAT: Dr. Prof Sai Aung Tun | ||
| 650 |
_aလွၼ်ႉမွၼ်းၵႂၢမ်း _923086 |
||
| 942 | _cBK1 | ||
| 942 | _2ddc | ||
| 942 | _2ddc | ||
| 999 |
_c26942 _d26942 |
||